Top 20 cities with the worst traffic jams - Statistics

General Stats
  • This quiz has been taken 745 times
  • The average score is 12 of 20
Answer Stats
Rank Country % Correct
9 New York City
93%
13 London
87%
2 Los Angeles
87%
1 Tokyo
85%
6 Shanghai
76%
5 Moscow
73%
8 Mexico City
71%
7 Mumbai
68%
11 Chicago
66%
19 Rio de Janeiro
66%
14 Jakarta
65%
3 Sao Paulo
63%
4 Bangkok
60%
10 Seoul
60%
12 Manila
50%
15 Osaka
49%
17 Athens
29%
16 Caracas
21%
18 Auckland
6%
20 Kathmandu
5%
No matching quizzes found
Score Distribution
Percent of People with Each Score
Percentile by Number Answered
Your Score History
You have not taken this quiz